| 000 | 00741cam a22002534a 4500 | ||
|---|---|---|---|
| 001 | 15656712 | ||
| 003 | OSt | ||
| 005 | 20241101143945.0 | ||
| 008 | 090312s2009 enk b 001 0 eng | ||
| 020 | _a9780199550814 (pbk. : alk. paper) | ||
| 020 | _a0199550816 (pbk. : alk. paper) | ||
| 040 | _cCentral University Library | ||
| 050 | 0 | 0 |
_aKD829 _b.T48 2009 |
| 082 | 0 | 0 |
_a346.4204/3 _222 |
| 100 | 1 |
_aThompson, M. P. _q(Mark P.) |
|
| 245 | 1 | 0 |
_aModern land law / _cMark P. Thompson. |
| 250 | _a4th ed. | ||
| 260 |
_aOxford ; _aNew York : _bOxford University Press, _c2009. |
||
| 300 |
_axlviii, 602 p. ; _c25 cm. |
||
| 500 | _aIncludes index | ||
| 650 | 0 |
_aReal property _zEngland. |
|
| 650 | 0 |
_aReal property _zWales. |
|
| 942 |
_2lcc _cBK _n0 |
||
| 999 |
_c519 _d519 |
||